Catálogo
 En Linea

El censo urbano por calles y sectores realizados en febrero de 1922. La Vega / (Registro nro. 54189)

Detalles MARC
000 -CABECERA
campo de control de longitud fija 00955nam a2200265 i 4500
003 - IDENTIFICADOR DEL NÚMERO DE CONTROL
campo de control DO-SdBNP
005 - FECHA Y HORA DE LA ÚLTIMA TRANSACCIÓN
campo de control 20250806091740.0
007 - CAMPO FIJO DE DESCRIPCIÓN FÍSICA--INFORMACIÓN GENERAL
campo de control de longitud fija ta
008 - DATOS DE LONGITUD FIJA--INFORMACIÓN GENERAL
campo de control de longitud fija 230717e2022 dr adc|| |||| 00| 0 spa d
020 ## - NÚMERO INTERNACIONAL ESTÁNDAR DEL LIBRO
Número Internacional Estándar del Libro 9789945250343
040 ## - FUENTE DE LA CATALOGACIÓN
Centro catalogador/agencia de origen DO-SdBNP
Lengua de catalogación spa
Centro/agencia transcriptor BNPHU
Normas de descripción rda
041 ## - CÓDIGO DE LENGUA
Código de lengua del texto/banda sonora o título independiente spa
082 #4 - NÚMERO DE LA CLASIFICACIÓN DECIMAL DEWEY
Número de clasificación xxx
Número de documento/Ítem H557c
Número de edición 22
100 1# - ENTRADA PRINCIPAL--NOMBRE DE PERSONA
Nombre de persona Hernández Figueroa, Alfredo Rafael,
Término indicativo de función/relación autor
Código de función/relación aut.
9 (RLIN) 6902
245 13 - MENCIÓN DE TÍTULO
Título El censo urbano por calles y sectores realizados en febrero de 1922. La Vega /
Mención de responsabilidad, etc. Alfredo Rafael Hernández
264 #4 - PRODUCCIÓN, PUBLICACIÓN, DISTRIBUCIÓN, FABRICACIÓN Y COPYRIGHT
Producción, publicación, distribución, fabricación y copyright Santo Domingo :
Nombre del de productor, editor, distribuidor, fabricante Archivo General de la Nación,
Fecha de producción, publicación, distribución, fabricación o copyright ©2022.
300 ## - DESCRIPCIÓN FÍSICA
Extensión 113 páginas :
Otras características físicas Ilustraciones, gráficas, retrato ;
Dimensiones 21 cm.
336 ## - TIPO DE CONTENIDO
Término de tipo de contenido texto
Código de tipo de contenido txt
Fuente rdacontent
337 ## - TIPO DE MEDIO
Nombre/término del tipo de medio sin medición
Código del tipo de medio n
Fuente rdamedia
338 ## - TIPO DE SOPORTE
Nombre/término del tipo de soporte volumen
Código del tipo de soporte nc
Fuente rdacarrier
490 ## - MENCIÓN DE SERIE
Mención de serie Colección Cuadernos Populares
Designación de volumen o secuencia 11
500 ## - NOTA GENERAL
Nota general Incluye datos biográficos del autor : páginas 9 - 10
590 ## - NOTA LOCAL (RLIN)
Nota local Inventariado 2023 / MF
942 ## - ELEMENTOS DE PUNTO DE ACCESO ADICIONAL (KOHA)
Fuente del sistema de clasificación o colocación Dewey Decimal Classification
Tipo de ítem Koha Libro
Existencias
Estado de retiro Estado de pérdida Fuente del sistema de clasificación o colocación Restricciones de uso No para préstamo Código de colección Localización permanente Ubicación/localización actual Ubicación en estantería Fecha de adquisición Fuente de adquisición Total de préstamos Signatura topográfica completa Código de barras Fecha visto por última vez Precio válido a partir de Tipo de ítem Koha Número de copia
    Dewey Decimal Classification Excluido de préstamo   Patrimonio Dominicano Biblioteca Nacional Pedro Henríquez Ureña Biblioteca Nacional Pedro Henríquez Ureña En catalogación 14.03.2023 Depósito Legal   BNPHU PD H557c 2023-4910 17.07.2023 17.07.2023 Libro  
    Dewey Decimal Classification Excluido de préstamo   Patrimonio Dominicano Biblioteca Nacional Pedro Henríquez Ureña Biblioteca Nacional Pedro Henríquez Ureña En catalogación 14.03.2023 Depósito Legal   BNPHU PD H557c 2023-4911 17.07.2023 17.07.2023 Libro e.2
    Dewey Decimal Classification Préstamo en sala   Dominicana de Servicio Biblioteca Nacional Pedro Henríquez Ureña Biblioteca Nacional Pedro Henríquez Ureña En catalogación 14.03.2023 Depósito Legal   BNPHU DS H557c 2023-4912 17.07.2023 17.07.2023 Libro e.3
    Dewey Decimal Classification Préstamo en sala   Dominicana de Servicio Biblioteca Nacional Pedro Henríquez Ureña Biblioteca Nacional Pedro Henríquez Ureña En catalogación 06.08.2025 Donación   BNPHU DS H557c 2025-7780 06.08.2025 06.08.2025 Libro e.4
    Dewey Decimal Classification Préstamo en sala   Dominicana de Servicio Biblioteca Nacional Pedro Henríquez Ureña Biblioteca Nacional Pedro Henríquez Ureña En catalogación 06.08.2025 Donación   BNPHU DS H557c 2025-7781 06.08.2025 06.08.2025 Libro e.5

Con tecnología Koha